000 01204cam a22003374a 4500
999 _c8810
_d8810
003 OSt
005 20210204130603.0
008 051121s2006 nyua b 000 0 eng
010 _a 2005034117
016 7 _a013343102
_2Uk
020 _a1568985541
020 _a9781568985541
020 _a9781568985541
035 _a(OCoLC)ocm62330886
035 _a(OCoLC)62330886
050 0 0 _aNA2760
_b.R45 2006
082 0 0 _a720.1UME
_222
100 1 _aReiser, Jesse.
245 1 0 _aAtlas of novel tectonics /
_cReiser + Umemoto.
250 _a1st ed.
260 _aNew York :
_bPrinceton Architectural Press,
_c2006.
300 _a255 p. :
_bill. (chiefly col.) ;
_c20 cm.
504 _aIncludes bibliographical references (p. [250]-[253]).
650 0 _aArchitecture
_xComposition, proportion, etc.
650 0 _aEclecticism in architecture.
700 1 _aUmemoto, Nanako.
856 4 1 _3Table of contents
_uhttp://www.loc.gov/catdir/toc/ecip063/2005034117.html
856 4 2 _3Publisher description
_uhttp://www.loc.gov/catdir/enhancements/fy0722/2005034117-d.html
856 4 2 _3Contributor biographical information
_uhttp://www.loc.gov/catdir/enhancements/fy0735/2005034117-b.html
942 _2ddc